Classification of purpose built office buildings in Malaysia

Bibliographic Details
Main Author: Ibrahim bin Mohd
Other Authors: Aniza Abdul Aziz, Md Nasir bin Daud, Yasmin binti Mohd Adnan
Format: Book
Language:English
Published: 2010
Subjects:

MARC

LEADER 00000cam a2200000 7i4500
001 0000022949
005 20101214.0
008 101209 my a eng
040 |a INS 
090 0 0 |a Research262 
100 1 |a Ibrahim bin Mohd 
245 1 0 |a Classification of purpose built office buildings in Malaysia   |c Ibrahim bin Mohd, Md Nasir bin Daud, Yasmin binti Mohd Adnan, etc... 
260 |c 2010 
300 |a iii, 181p. ;   |c 30 cm. 
650 0 |a Office building   |x Design 
650 0 |a Office building   |z Malaysia 
700 1 |a Aniza Abdul Aziz 
700 1 |a Md Nasir bin Daud 
700 1 |a Yasmin binti Mohd Adnan 
999 |a RES0000381   |b BOOK   |c Research By JPPH Staff   |e Default branch 
999 |a RES0000525   |b BOOK   |c Research By JPPH Staff   |e Default branch 
999 |a RES0000526   |b BOOK   |c Research By JPPH Staff   |e Default branch